The gladiolus.

Bibliographic Details
Previous Title:Yearbook - New England Gladiolus Society
Corporate Authors: New England Gladiolus Society, inc, North American Gladiolus Council
Format: Serial
Language:English
Published: Boston : New England Gladiolus Society.
Subjects:
Online Availability: Check for online availability

MARC

Tag First Indicator Second Indicator Subfields
LEADER 00000cas a2200000 4500
001 in00000021359
005 20151007062303.0
008 761210d19351967mauar 0 a0eng d
010 |a sc 77000376   |z  33009825  
022 |a 0096-283X  |2 1 
035 |a (OCoLC)ocm01695750 
035 |a (OCoLC)01695750 
035 |9 AAD4452AM 
040 |a MUL  |c MUL  |d NSD  |d DLC  |d NSD  |d OCL  |d TXA  |d UtOrBLW 
042 |a lc  |a nsdp 
043 |a n-usn-- 
049 |a TXAM 
050 4 |a SB413.G5  |b N4 
110 2 |a New England Gladiolus Society, inc. 
222 0 |a Gladiolus 
245 1 4 |a The gladiolus. 
264 1 |a Boston :  |b New England Gladiolus Society. 
336 |a text  |b txt  |2 rdacontent 
337 |a unmediated  |b n  |2 rdamedia 
338 |a volume  |b nc  |2 rdacarrier 
362 0 |a v. 10-42; 1935-67. 
500 |a Includes advertising matter. 
550 |a Vols. for 19 -67 published in cooperation with the North American Gladiolus Council. 
650 0 |a Gladiolus  |v Periodicals. 
710 2 |a North American Gladiolus Council. 
780 0 0 |t Yearbook - New England Gladiolus Society  |x 0145-2088 
936 |a 1967 (surrogate) 
994 |a C0  |b TXA 
999 |a MARS 
999 f f |s eda14dbc-ba0e-3aff-a573-1212f11f7e53  |i de5e101f-061c-33ae-81b9-a0deebcc4cdd  |t 0 
952 f f |p ric  |a Texas A&M University  |b Rellis Campus  |c Joint Library Facility  |d Remote Storage  |t 0  |e SB413.G5 N4  |h Library of Congress classification  |i unmediated -- volume  |k v.33  |l 1958  |m A14834604061 
952 f f |p ric  |a Texas A&M University  |b Rellis Campus  |c Joint Library Facility  |d Remote Storage  |t 0  |e SB413.G5 N4  |h Library of Congress classification  |i unmediated -- volume  |k v.40  |l 1965  |m A14834603780 
952 f f |p ric  |a Texas A&M University  |b Rellis Campus  |c Joint Library Facility  |d Remote Storage  |t 0  |e SB413.G5 N4  |h Library of Congress classification  |i unmediated -- volume  |k v.35  |l 1960  |m A14834603984 
952 f f |p ric  |a Texas A&M University  |b Rellis Campus  |c Joint Library Facility  |d Remote Storage  |t 0  |e SB413.G5 N4  |h Library of Congress classification  |i unmediated -- volume  |k v.34  |l 1959  |m A14834604029 
952 f f |p ric  |a Texas A&M University  |b Rellis Campus  |c Joint Library Facility  |d Remote Storage  |t 0  |e SB413.G5 N4  |h Library of Congress classification  |i unmediated -- volume  |k v.10  |l 1935  |m A14834603895 
952 f f |p ric  |a Texas A&M University  |b Rellis Campus  |c Joint Library Facility  |d Remote Storage  |t 0  |e SB413.G5 N4  |h Library of Congress classification  |i unmediated -- volume  |k v.39  |l 1964  |m A14834603829 
952 f f |p ric  |a Texas A&M University  |b Rellis Campus  |c Joint Library Facility  |d Remote Storage  |t 0  |e SB413.G5 N4  |h Library of Congress classification  |i unmediated -- volume  |k v.25  |l 1950  |m A14834603730 
952 f f |p ric  |a Texas A&M University  |b Rellis Campus  |c Joint Library Facility  |d Remote Storage  |t 0  |e SB413.G5 N4  |h Library of Congress classification  |i unmediated -- volume  |k v.26  |l 1951  |m A14834603691 
952 f f |p ric  |a Texas A&M University  |b Rellis Campus  |c Joint Library Facility  |d Remote Storage  |t 0  |e SB413.G5 N4  |h Library of Congress classification  |i unmediated -- volume  |k v.30  |l 1955  |m A14834603536 
952 f f |p ric  |a Texas A&M University  |b Rellis Campus  |c Joint Library Facility  |d Remote Storage  |t 0  |e SB413.G5 N4  |h Library of Congress classification  |i unmediated -- volume  |k v.29  |l 1954  |m A14834603578 
952 f f |p ric  |a Texas A&M University  |b Rellis Campus  |c Joint Library Facility  |d Remote Storage  |t 0  |e SB413.G5 N4  |h Library of Congress classification  |i unmediated -- volume  |k v.42  |l 1967  |m A14834603706 
952 f f |p ric  |a Texas A&M University  |b Rellis Campus  |c Joint Library Facility  |d Remote Storage  |t 0  |e SB413.G5 N4  |h Library of Congress classification  |i unmediated -- volume  |k v.41  |l 1966  |m A14834603748 
952 f f |p ric  |a Texas A&M University  |b Rellis Campus  |c Joint Library Facility  |d Remote Storage  |t 0  |e SB413.G5 N4  |h Library of Congress classification  |i unmediated -- volume  |k v.27  |l 1952  |m A14834603659 
952 f f |p ric  |a Texas A&M University  |b Rellis Campus  |c Joint Library Facility  |d Remote Storage  |t 0  |e SB413.G5 N4  |h Library of Congress classification  |i unmediated -- volume  |k v.28  |l 1953  |m A14834603617 
952 f f |p ric  |a Texas A&M University  |b Rellis Campus  |c Joint Library Facility  |d Remote Storage  |t 0  |e SB413.G5 N4  |h Library of Congress classification  |i unmediated -- volume  |k v.38  |l 1963  |m A14834603861 
952 f f |p ric  |a Texas A&M University  |b Rellis Campus  |c Joint Library Facility  |d Remote Storage  |t 0  |e SB413.G5 N4  |h Library of Congress classification  |i unmediated -- volume  |k v.36  |l 1961  |m A14834603942 
952 f f |p ric  |a Texas A&M University  |b Rellis Campus  |c Joint Library Facility  |d Remote Storage  |t 0  |e SB413.G5 N4  |h Library of Congress classification  |i unmediated -- volume  |k v.24  |l 1949  |m A14834603772 
952 f f |p ric  |a Texas A&M University  |b Rellis Campus  |c Joint Library Facility  |d Remote Storage  |t 0  |e SB413.G5 N4  |h Library of Congress classification  |i unmediated -- volume  |k v.32  |l 1957  |m A14834603455 
952 f f |p ric  |a Texas A&M University  |b Rellis Campus  |c Joint Library Facility  |d Remote Storage  |t 0  |e SB413.G5 N4  |h Library of Congress classification  |i unmediated -- volume  |k v.23  |l 1948  |m A14834603811 
952 f f |p ric  |a Texas A&M University  |b Rellis Campus  |c Joint Library Facility  |d Remote Storage  |t 0  |e SB413.G5 N4  |h Library of Congress classification  |i unmediated -- volume  |k v.31  |l 1956  |m A14834603497 
952 f f |p ric  |a Texas A&M University  |b Rellis Campus  |c Joint Library Facility  |d Remote Storage  |t 0  |e SB413.G5 N4  |h Library of Congress classification  |i unmediated -- volume  |k v.22  |l 1947  |m A14834603853 
952 f f |p ric  |a Texas A&M University  |b Rellis Campus  |c Joint Library Facility  |d Remote Storage  |t 0  |e SB413.G5 N4  |h Library of Congress classification  |i unmediated -- volume  |k v.37  |l 1962  |m A14834603900 
998 f f |a SB413.G5 N4  |s v.22-42 (1947-1967)  |t 0  |l Remote Storage